000 00573nam a22002297a 4500
003 UA-OsUOA
001 92234
007 ta
008 20121211b un ||||| |||| 00| 0 ukr d
100 _aКупала Я.
090 _a821.161.2
_bК92
942 _cBK
040 _aUA-OsUOA
_bukr
_cUA-OsUOA
_dUA-OsUOA
245 _aПоезії
300 _a189 с.
955 _a3
041 _aukr
080 _a821.161.2
260 _aК.
_bДержлітвидав
_c1962
650 7 _a82 Література. Літературознавство
_2UDC
999 _c378472
_d378472